Máy điện T.2 /

Sách gồm những kiến thức cơ bản về khái niệm, cấu tạo, kết cấu và chức năng hoạt động của máy điện.

שמור ב:
מידע ביבליוגרפי
מחברים אחרים: Vũ Gia Hanh., Phan Tử Thụ., Nguyễn Văn Sáu., Trần KHánh Hà.
פורמט: ספר
שפה:Vietnamese
יצא לאור: Hà Nội : Khoa học và kỹ thuật, 1998.
נושאים:
תגים: הוספת תג
אין תגיות, היה/י הראשונ/ה לתייג את הרשומה!
Thư viện lưu trữ: Mạng thư viện Đại học Đà Nẵng
LEADER 01168cam a2200397 i 4500
001 000046678
003 6180
005 20030917103658.0
008 010307b1998 vm 000 vie
020 |c 19000 
022 |a T 
040 |a IRC  |c IRC  |d IRC 
041 0 |a vie 
082 1 4 |a 621.46  |b Ma-Đ 
245 0 0 |a Máy điện  |n T.2 /  |c Vũ Gia Hanh, Trần Khánh Hà, Phan Tử Thụ, Nguyễn Văn Sáu. 
260 |a Hà Nội :  |b Khoa học và kỹ thuật,  |c 1998. 
300 |a 281tr. ;  |c 20cm. 
520 3 |a Sách gồm những kiến thức cơ bản về khái niệm, cấu tạo, kết cấu và chức năng hoạt động của máy điện. 
630 0 4 |a Máy điện. 
630 0 4 |a Điện. 
630 0 4 |a Khoa học kỹ thuật. 
650 0 4 |a Máy điện  |x Công nghệ. 
700 1 |a Vũ Gia Hanh. 
700 1 |a Phan Tử Thụ. 
700 1 |a Nguyễn Văn Sáu. 
700 1 |a Trần KHánh Hà. 
OWN |a DUT 
999 |a From the UDN01 
TYP |a Monograph 
TYP |a Printed language 
980 |a Mạng thư viện Đại học Đà Nẵng